|
|
|
|
| LEADER |
00000caa a2200000 c 4500 |
| 001 |
1550301977 |
| 003 |
DE-627 |
| 005 |
20180731065509.0 |
| 007 |
tu |
| 008 |
161128s2015 xx ||||| 00| ||ger c |
| 020 |
|
|
|a 9783938015599
|
| 035 |
|
|
|a (DE-627)1550301977
|
| 035 |
|
|
|a (DE-576)480301972
|
| 035 |
|
|
|a (DE-599)BSZ480301972
|
| 040 |
|
|
|a DE-627
|b ger
|c DE-627
|e rda
|
| 041 |
|
|
|a ger
|
| 100 |
1 |
|
|a Mader, Uwe
|e VerfasserIn
|4 aut
|
| 245 |
1 |
0 |
|a Amok
|b wenn das Unfassbare geschieht und - retten, was zu retten ist
|c Uwe Mader
|
| 264 |
|
1 |
|c 2015
|
| 336 |
|
|
|a Text
|b txt
|2 rdacontent
|
| 337 |
|
|
|a ohne Hilfsmittel zu benutzen
|b n
|2 rdamedia
|
| 338 |
|
|
|a Band
|b nc
|2 rdacarrier
|
| 773 |
0 |
8 |
|i Enthalten in
|t Amok ; 2: Das Unfassbare bewältigen
|d Rothenburg/Oberlausitz : Eigenverlag der Hochschule der Sächsischen Polizei (FH), 2015
|g (2015), Seite 127-159
|h 378 Seiten
|w (DE-627)1539523519
|w (DE-576)469523514
|z 9783938015599
|7 nnam
|
| 773 |
1 |
8 |
|g year:2015
|g pages:127-159
|
| 951 |
|
|
|a AR
|
| ELC |
|
|
|b 1
|
| LOK |
|
|
|0 000 xxxxxcx a22 zn 4500
|
| LOK |
|
|
|0 001 2946553043
|
| LOK |
|
|
|0 003 DE-627
|
| LOK |
|
|
|0 004 1550301977
|
| LOK |
|
|
|0 005 20260217110425
|
| LOK |
|
|
|0 008 161128||||||||||||||||ger|||||||
|
| LOK |
|
|
|0 040
|a DE-21-110
|c DE-627
|d DE-21-110
|
| LOK |
|
|
|0 689
|a s
|a Amok
|
| LOK |
|
|
|0 689
|a s
|a Akteure
|
| LOK |
|
|
|0 689
|a s
|a Betroffene
|
| LOK |
|
|
|0 689
|a s
|a Seelsorge
|
| LOK |
|
|
|0 852
|a DE-21-110
|
| LOK |
|
|
|0 852 1
|m p
|9 00
|
| LOK |
|
|
|0 938
|k p
|
| LOK |
|
|
|0 939
|a 28-11-16
|b l01
|
| ORI |
|
|
|a WA-MARC-krimdoka001.raw
|